000 00701nam a2200241Ia 4500
003 OSt
005 20220918170006.0
006 a|||||r|||| 00| 0
007 ta
008 220917b |||||||| |||| 00| 0 eng d
020 _a8186700234 (hbk)
024 _a157,881
037 _cTextual
040 _aARTS
_cARTS
_beng
041 _2eng
_aeng
082 _aQ14:21:g(P:75), P0 (P15) (SC)
100 _aNarang Soraj
_926641
245 0 _aFigures of speech in the atharvaveda Saroj Narang
260 _aDelhi
_bVidhyanidhi Prakashan
_c2000
300 _avii, 288p.
_ccm.
942 _hQ14:21:g(P:75), P0 (P15) (SC)
_cTEXL
_2CC
999 _c132227
_d132227